Portable test equipment being used for commercial building surveys (Record no. 68459)

MARC details
000 -LEADER
fixed length control field 01398cam a2200253 4500
001 - CONTROL NUMBER
control field ABS64487
008 - FIXED-LENGTH DATA ELEMENTS--GENERAL INFORMATION
fixed length control field 011003n2001 000 0 eng u
035 ## - SYSTEM CONTROL NUMBER
System control number (Sirsi) u114976
100 ## - MAIN ENTRY--PERSONAL NAME
Personal name Coday, A.
245 ## - TITLE STATEMENT
Title Portable test equipment being used for commercial building surveys
260 ## - PUBLICATION, DISTRIBUTION, ETC.
Date of publication, distribution, etc. 2001
490 ## - SERIES STATEMENT
Series statement Structural Survey
Volume/sequential designation 19(4) 2001, 173-184(12)
520 ## - SUMMARY, ETC.
Summary, etc. Presents an early publication of the results of an RICS Research Foundation Education Trust funded project investigating the use of modern non-destructive test equipment during commercial property surveys. Discusses the data collection and analysis phases of the project. Results suggest that new technology has made some impact. More surveyors are using digital cameras and electronic measurement aids. Use of endoscopes, some environmental measuring aids, metal detectors and electrical installation testing is evidently increasing. However, the survey also suggests that little use is being made of portable materials testing equipment. (Partly taken from journal headnote).
590 ## - LOCAL NOTE (RLIN)
Local note ABS
650 ## - SUBJECT ADDED ENTRY--TOPICAL TERM
Topical term or geographic name entry element ABOUT RICS-RELATED ORGANISATIONS-RICS RESEARCH FOUNDATION
650 ## - SUBJECT ADDED ENTRY--TOPICAL TERM
Topical term or geographic name entry element SURVEY
650 ## - SUBJECT ADDED ENTRY--TOPICAL TERM
Topical term or geographic name entry element PROPERTY-COMMERCIAL PROPERTY
650 ## - SUBJECT ADDED ENTRY--TOPICAL TERM
Topical term or geographic name entry element PORTABLE TEST EQUIPMENT
650 ## - SUBJECT ADDED ENTRY--TOPICAL TERM
Topical term or geographic name entry element TESTS
650 ## - SUBJECT ADDED ENTRY--TOPICAL TERM
Topical term or geographic name entry element EQUIPMENT
690 ## - LOCAL SUBJECT ADDED ENTRY--TOPICAL TERM (OCLC, RLIN)
Topical term or geographic name as entry element BUILT ENVIRONMENT-BUILDING INSPECTION
700 ## - ADDED ENTRY--PERSONAL NAME
Personal name Hoxley, M.
942 ## - ADDED ENTRY ELEMENTS (KOHA)
Suppress in OPAC 0
Holdings
Withdrawn status Lost status Source of classification or shelving scheme Damaged status Not for loan Home library Current library Shelving location Date acquired Total Checkouts Full call number Barcode Date last seen Copy number Price effective from Koha item type
    Dewey Decimal Classification     London London Journal article 03/10/2001   ABS64487 114976-1001 06/08/2019 1 06/08/2019 Journal article